书目信息 |
| 题名: |
教育的姿态
|
|
| 作者: | 于漪 著 ;兰保民 编 | |
| 分册: | ||
| 出版信息: | 太原 山西教育出版社 2014 |
|
| 页数: | 402页 | |
| 开本: | 19cm | |
| 丛书名: | ||
| 单 册: | ||
| 中图分类: | G4-53 | |
| 科图分类: | ||
| 主题词: | 教育--jiao yu--文集 | |
| 电子资源: | ||
| ISBN: | 978-7-5440-7008-9 | |
| 000 | 00877nam0 22002531 450 | |
| 001 | 387888 | |
| 005 | 20170502165603.0 | |
| 010 | @a978-7-5440-7008-9@dCNY38.00 | |
| 100 | @a20141119d2014 em y0chiy50 ea | |
| 101 | 0 | @achi |
| 102 | @aCN@b140000 | |
| 105 | @ay z 000yy | |
| 106 | @ar | |
| 200 | 1 | @a教育的姿态@9jiao yu de zi tai@f于漪著@g兰保民编 |
| 210 | @a太原@c山西教育出版社@d2014 | |
| 215 | @a402页@d19cm | |
| 300 | @a于漪基础教育论稿 | |
| 330 | @a本书是于漪老师有关中国教育现状的总结与深思。全书收录了《与时俱进,构建学校价值取向》、《别赚走学生的未来》、《教书要为育人服务》、《学校办学警惕“泛技术化”》、《基础教育须狠抓基础》等文章。 | |
| 606 | 0 | @a教育@9jiao yu@j文集 |
| 690 | @aG4-53@v5 | |
| 701 | 0 | @a于漪@9yu yi@c(女,@f1929.2~)@4著 |
| 702 | 0 | @a兰保民@9lan bao min@f(教师)@4编 |
| 801 | 0 | @aCN@b百万庄@c20170308 |
| 905 | @b1004590-5@dG4-53@e192@f6 | |
| 教育的姿态/于漪著/兰保民编.-太原:山西教育出版社,2014 |
| 402页;19cm |
| 于漪基础教育论稿 |
| ISBN 978-7-5440-7008-9:CNY38.00 |
| 本书是于漪老师有关中国教育现状的总结与深思。全书收录了《与时俱进,构建学校价值取向》、《别赚走学生的未来》、《教书要为育人服务》、《学校办学警惕“泛技术化”》、《基础教育须狠抓基础》等文章。 |
| ● |
| 相关链接 |
|
|
|
|
正题名:教育的姿态
索取号:G4-53/192
 
预约/预借
| 序号 | 登录号 | 条形码 | 馆藏地/架位号 | 状态 | 备注 |
| 1 | 1004590 | 210045903 | 第一样本阅览室/ [索取号:G4-53/192] | 在馆 | |
| 2 | 1004591 | 210045912 | 教育系资料室/ [索取号:G4-53/192] | 在馆 | |
| 3 | 1004592 | 210045921 | 教育系资料室/ [索取号:G4-53/192] | 在馆 | |
| 4 | 1004593 | 210045930 | 教育系资料室/ [索取号:G4-53/192] | 在馆 | |
| 5 | 1004594 | 210045949 | 第四借阅区/ [索取号:G4-53/192] | 在馆 | |
| 6 | 1004595 | 210045958 | 第四借阅区/ [索取号:G4-53/192] | 在馆 |